LEADER 01295nam a2200313 a 4500 001 000000133458 003 CaOOAMICUS 005 20130410100538.0 008 130410s1999 it u000 u ita r 020 $z88-06-12918-X* 040 $aPUL$bita 041 1 $aita$hger 100 1 $aKant, Immanuel,$d1724-1804.$0(OLS)http://pul/name/8154 240 10$aKritik der Urteilskraft.$lItaliano.$0(OLS)http://pul/title/11895 245 10$aCritica della facoltą di giudizio /$cImmanuel Kant ; a cura di Emilio Garroni e Hansmichael Hohenegger. 260 $aTorino :$bEinaudi,$c©1999. 300 $aLXXXV, 317 p. ;$c21 cm 490 1 $aBiblioteca Einaudi ;$v58 700 1 $aGarroni, Emilio,$d1925-$0(OLS)http://pul/name/38149 700 1 $aHohenegger, Hansmichael.$0(OLS)http://pul/name/85977 830 0$aBiblioteca Einaudi ;$v58.$0(OLS)http://pul/title/60318 850 $aPUL 852 $aPUL$W1$xDP1 Fondo E. Rossi$y115$m1 K 4$j153388$qFondi$B152948$CPULBib$Z2$F152948 $82 941 1 $a1 961 $aSul dorso collocazione ms. di E. Rossi: K 1 1 996 $6020$z88-06-12918-X*$9(OLS)http://pul/number/152348 996 $6245$aCritica della facoltą di giudizio$9(OLS)http://pul/title/168653 996 $6260$aTorino :$bEinaudi$9(OLS)http://pul/publisher/48130 LEADER 01616nam a2200337 a 4500 001 000000158787 003 CaOOAMICUS 005 20170213103838.0 008 170213s2017 it u000 u ita r 020 $z978-88-08-06915-3* 032 $aLibriCat 040 $aPUL$bita 082 04$a349.45 100 1 $aBarbieri, Carmelo.$0(OLS)http://pul/name/101435 245 13$aLa nuova esecuzione forzata: opposizione, sospensione, estinzione :$bdopo la l. 30 giugno 2016, n. 119 /$cCarmelo Barbieri, Giuseppe Campagna ; con la collaborazione di Maria Martino . 260 $aBologna :$bZanichelli,$c2017. 300 $aVIII, 263 p. ;$c25 cm. 490 1 $aLe riforme del diritto italiano ;$v21 504 $aBibliografia in nota. 650 14$aEsecuzione forzata$xDiritto e legislazione.$0(OLS)http://pul/subject/42776 700 1 $aMartino, Maria.$0(OLS)http://pul/name/78636 700 1 $aCampagna, Giuseppe.$0(OLS)http://pul/name/79522 830 3$aLe riforme del diritto italiano (Zanichelli) ;$v21.$0(OLS)http://pul/title/138577 850 $aPUL 852 $aPUL$W1$xSL Diritto e Scienze Sociali 3$y79$m349. 45 COLL 1.21$j182098$qDDC 21$B185280$CPULBib$Z2$F185280 $H128955 $81 941 1 $a9 996 $6020$z978-88-08-06915-3*$9(OLS)http://pul/number/162045 996 $6082$a349.45$9(OLS)http://pul/classification/1808 996 $6245$aLa nuova esecuzione forzata: opposizione, sospensione, estinzione :$bdopo la l. 30 giugno 2016, n. 119$9(OLS)http://pul/title/198392 996 $6260$aBologna :$bZanichelli$9(OLS)http://pul/publisher/48255